De la cuna al espacio: la exploración de las fronteras extraterrestres
Збережено в:
| Автори: | , , |
|---|---|
| Формат: | Книга |
| Мова: | Іспанська |
| Опубліковано: |
Barcelona
Planeta
1987
|
| Серія: | Colección Documento, 218
|
| Предмети: | |
| Теги: |
Додати тег
Немає тегів, Будьте першим, хто поставить тег для цього запису!
|
MARC
| LEADER | 00000nam a2200000 a 4500 | ||
|---|---|---|---|
| 001 | UCX9414 | ||
| 003 | CL-VaPUC | ||
| 008 | 940606e19870000SP |||||||||||||||||spa|d | ||
| 082 | 0 | 4 | |a 523.111 |b HAR |2 21 |
| 100 | 0 | |a Hartmann, William K |e author |9 326797 | |
| 700 | 0 | |a Miller, Ron |e author |9 326798 | |
| 700 | 0 | |a Lee, Pamela |e author |9 326799 | |
| 245 | 1 | 0 | |a De la cuna al espacio: la exploración de las fronteras extraterrestres |
| 300 | |a 190 p | ||
| 942 | |c BK | ||
| 945 | |d 19940606 00:00:00 |a mfernand | ||
| 260 | |a Barcelona |b Planeta |c 1987 | ||
| 650 | 7 | |a ESPACIO EXTERIOR |2 CL-VaPUC |9 255222 | |
| 650 | 7 | |a EXPLORACION |2 CL-VaPUC |9 326800 | |
| 583 | |a last modification |c 19940606 00:00:00 |k Rodrigo Vera | ||
| 490 | 0 | |a Colección Documento, 218 | |
| 999 | |c 228658 |d 228656 | ||
| 952 | |0 0 |1 0 |4 0 |6 523_111000000000000_HAR_1987 |7 0 |8 A |9 228973 |a BIBCUR |b BIBCUR |d 2019-11-15 |i 2983605 |o 523.111 HAR 1987 |p 2983605 |r 2025-04-22 |w 2019-11-15 |y BK |k BCB | ||